Southville International School and Colleges
Your cart is empty.
  • Cart
  • Lists
    Public lists Eva Luna New books Lux_list list_1
    Your lists Log in to create your own lists
  • Log in to your account
  • Your cookies
  • Search history
Southville International School and Colleges
  • Advanced search
  • Recent comments
  • Most popular
  • Libraries

Log in to your account

Log in with GOOGLE


If you do not have an external account, but do have a local account, you can still log in:

  1. Home
  2. MARC view: Management operations :
Normal view MARC view ISBD view

Management operations : (Record no. 293285)

[ view plain ]
MARC details
000 -LEADER
fixed length control field 00675nam a2200241Ia 4500
008 - FIXED-LENGTH DATA ELEMENTS--GENERAL INFORMATION
fixed length control field 160404s9999 xx 000 0 und d
020 ## - INTERNATIONAL STANDARD BOOK NUMBER
International Standard Book Number 971-725-064-2
050 ## - LIBRARY OF CONGRESS CALL NUMBER
Classification number FIL T 56.8
050 ## - LIBRARY OF CONGRESS CALL NUMBER
Item number .C67 2001 c.3
100 ## - MAIN ENTRY--PERSONAL NAME
Personal name Cortez, George.
245 ## - TITLE STATEMENT
Title Management operations :
245 ## - TITLE STATEMENT
Remainder of title quantitative technique /
245 ## - TITLE STATEMENT
Statement of responsibility, etc George Excape Cortez.
260 ## - PUBLICATION, DISTRIBUTION, ETC. (IMPRINT)
Place of publication, distribution, etc Makati City:
260 ## - PUBLICATION, DISTRIBUTION, ETC. (IMPRINT)
Name of publisher, distributor, etc Grandwater Pub.,
260 ## - PUBLICATION, DISTRIBUTION, ETC. (IMPRINT)
Date of publication, distribution, etc 2001
300 ## - PHYSICAL DESCRIPTION
Extent 198 pages :
300 ## - PHYSICAL DESCRIPTION
Other physical details illustrations ;
300 ## - PHYSICAL DESCRIPTION
Dimensions 22 cm.
650 ## - SUBJECT ADDED ENTRY--TOPICAL TERM
Topical term or geographic name as entry element Management -- Data processing.
650 ## - SUBJECT ADDED ENTRY--TOPICAL TERM
Topical term or geographic name as entry element Production management -- Mathematical models.
650 ## - SUBJECT ADDED ENTRY--TOPICAL TERM
General subdivision Management -- Mathematical models.
Holdings
Withdrawn status Lost status Damaged status Home library Current library Shelving location Date acquired Total Checkouts Full call number Barcode Date last seen Price effective from Koha item type
      South Mansfield College South Mansfield College Filipiniana Section 07/06/2005   FIL T 56.8 .C67 2001 c.3 SMC02726 04/04/2016 04/04/2016  

Management operations :

APA

Cortez G., .Management operations. Makati City: .

Chicago

Cortez George, .Management operations. Makati City: .

Harvard

Cortez G., .Management operations. Makati City: .

MLA

Cortez George, .Makati City: . .

  • Place hold
  • Print
  • Cite
  • Add to your cart (remove)
  • Save record
    BIBTEX Dublin Core MARCXML MARC (non-Unicode/MARC-8) MARC (Unicode/UTF-8) MARC (Unicode/UTF-8, Standard) MODS (XML) RIS
  • More searches
    Search for this title in:
    Other Libraries (WorldCat) Other Databases (Google Scholar) Online Stores (Bookfinder.com) Open Library (openlibrary.org)

Exporting to Dublin Core...

SOUTHVILLE LIBRARY

Southville International School and Colleges Library

1281 Tropical Ave. Cor. Luxembourg St., BF Homes International, Las Pinas City

Tel. No. 8256374 / 252358 Loc. 117/146

Powered by Koha